000 00415nam a22001217a 4500
999 _c10105
_d10105
003 OSt
008 201218b ||||| |||| 00| 0 eng d
245 _aIndian Journal of Knowledge Management and Information Technology
250 _a2014(Jan-Jun Vol.3 No.1, Jul-Dec Vol.3 No.2) 2015(Jan-Jun Vol.4 No.1)
260 _aNew Delhi
_bGBS Publishers and Distributors
650 _aInformation Technology
942 _2ddc
_cBV